Quizzes
Events
Quiz Creation
Community
Videos
Private Events
Remove Ads
Sign In
Join for FREE
Feedback
Dark Mode
Quiz Categories
Sports
Geography
Music
Movies
Television
Just For Fun
Miscellaneous
History
Literature
Language
Science
Gaming
Entertainment
Religion
Holiday
For Kids
Quiz Lab
Recent
Popular Today
Quiz Kudos Today
Editor Picks
Curator Picks
Quizzes by...
Day
Popularity
Type
Ratings
Length
Year
Community
Subscriptions
Recent Discussions
Orange Saloon
Badges
Playlists
Quests
Create
Leaderboards
Showdown
Live 5
Trivia Bingo
Activity
Puzzle Library
Sporcle Events
Private Events
Virtual Trivia
Globe League
Become a Host
Pub Owners
SporcleCon
Opinionation
Our Games
Videos
Blog
Mobile Apps
Partnerships
Remove Ads and Go Orange
Feedback
Religion
Mythology
Religious Music
World Religions
Bible
Christianity
Catholicism
Judaism
Church
Scripture
Islam
Verse
Religion
Mythology
Religious Music
World Religions
Bible
Christianity
Catholicism
Judaism
Church
Scripture
Islam
Verse
Random Quiz
Search Sporcle
×
Editor Pick
Editor Pick
Religion
Book
Type in answers that appear in a list
Type in answers that appear in a list
Classic
Best Score? Go Orange.
Book of Genesis Trivia Stats
Can you name the trivia from the Bible book of Genesis?
By
Neville
10m
71 Questions
4,175 Plays
4,175 Plays
4,175 Plays
Comments
Comments
Give Quiz Kudos
Give Quiz Kudos
-
- Ratings
hide this ad
Replay
Link that replays current quiz
Next Quiz
Link to next quiz in quiz playlist
You Got
0%
They Got
Avg Score
52%
Avg Friend Score
Upgrade to see
Score Distribution
Jump to the score distribution portion of the page
Score
0/71
Timer
10:00
0
Plays Today
% Correct
Adam
94.6%
Eve
94.3%
Cain
92.5%
Abel
92%
Noah
91.1%
light
80.3%
2
80.1%
dove
79.3%
land animals and man
79.1%
rest
78.8%
Sarah
77.4%
Moses
77.4%
very good
75.5%
expanse
75%
dry land and vegetation
73.2%
Jacob
73%
Isaac
72.2%
rainbow
70.7%
Seth
69.8%
Esau
67.4%
Ham
67.2%
7
67.1%
forty days and forty nights
67%
fish and birds
64.2%
Shem
63.4%
Joseph
62.8%
Lot
61%
50
59.8%
Ishmael
59.6%
Rachel
59.6%
raven
58.7%
luminaries
58.3%
Benjamin
56.2%
Canaan
56.1%
Canaan
56.1%
Hagar
54.1%
% Correct
Sodom
53.7%
pillar of salt
53.4%
Leah
53.1%
Methuselah
53%
Egypt
50.1%
Ararat
48.7%
Judah
47.4%
Japheth
46.7%
100
46.6%
Reuben
45.3%
Levi
45.2%
Enoch
44.8%
Rebekah
43.3%
Dan
41.7%
969
37.7%
Simeon
36.4%
Gad
36.3%
Ur
34.8%
Asher
33.1%
Laban
29.5%
Naphtali
29%
Dinah
28.7%
Issachar
25.1%
Terah
21.9%
Zebulun
21.2%
Moab
21%
Nephilim
20.2%
75
18.9%
Edom
18%
Melchizedek
17.8%
Moriah
16.7%
Hittite
11.2%
Ammon
10.7%
Shechem
9.7%
Machpelah
9%
Quiz Playlist
Details
Report
Send in Message
Add To Playlist
Classic:
Type in answers that appear in a list
Quiz Source
Last Updated: May 13, 2017
Editor Pick in
Religion
Quiz Scoreboard
CHALLENGE
Sign Up to Join the Scoreboard
Show All
Scores
Hide
Comments
May contain spoilers
Recently Published
NBA Finals Game Top Scorers (2010s)
by flibbidy
Sports
5m
Guess the 'R' Things in 3 Words
by MSUKent
Miscellaneous
3m
Actor to Badly Drawn Movie III
by MoMosMoProblems
Movies
5m
More to Explore
Quiz From the Vault
Featured Blog Post
Where Does Lost Luggage Go?
hide this ad
You Might Also Like...
Tags
Bible Quiz
Book Quiz
genesis
Today's Top Quizzes in Religion
Browse Religion
hide this ad
Today's Top Quizzes in Book
Browse Book
Top Contributed Quizzes in Religion
1
Is dougdoug?
2
Bible Books Spelling Bee
3
4-to-1 Blitz: The Bible
4
Quick Pick: Bible Books
5
Ramadan Roundup
6
Order Up: Labors of Hercules
7
Bible Figures by Group
8
Order Up: Plagues of Egypt
9
Best Gospel Album Grammy Winners
10
Zero to Five Blitz: New Testament Books
Explore More
Trending Topics
Disney
Marvel
Anime
NBA
Harry Potter
Kpop
Crossword
Country
NFL
Song
Puzzle
Pokémon
The Office
WWE
Soccer
hide this ad
More By:
Neville
Quiz
Plays
Rating
Category
Featured
Created
Biblical Couples
22,645
4.54
Religion
Feb 16, 2010
Book of Genesis Trivia
4,175
4.22
Religion
Jun 17, 2010
Ancient Rome Timeline
1,683
4.17
History
Jul 1, 2010
'A' in the Bible
1,016
4.57
Religion
Mar 4, 2010
Star Trek (2009)
881
5.00
Movies
Feb 26, 2010
Go to Creator's Profile
Score Distribution
Quiz Creator Spotlight
Neville
Follow
Send a Message
Quizzes Created
-
Created Quiz Play Count
-
More By This Creator
Popular Quizzes Today
1
Find the US States - No Outlines Minefield
2
Find the US States
3
The Countries of the World
4
10 Largest US States in Order
5
Find the Countries of Europe - No Outlines Minefield
6
US States
7
Guess the 'R' Things in 3 Words
8
NBA Finals Game Top Scorers (2010s)
More Religion Quizzes
Illustrated Crossword: Greek Gods
Curator's Pick
Trending Quizzes
First Name TV: Leading Men
Match the Book to the Film II
First Name TV: Leading Women Drama
3-Word Movies in 1 Word II
Match the Book to the Film VI
Recently Updated
Women's Final Four Teams by Year
bhenderson79
Presidents Quartet II
eogle
Anything But Clue(do)
eogle
Anything But Oceanian Capitals
eogle
Anything But 7
eogle
Anything But Thing
eogle
Word Ladder: February 29
pecheneg
Song Title Questions
pecheneg
Women's NCAA Tournament #1 Seeds
pecheneg
Celebrity Mug Shots
pecheneg
Trending Topics
Marvel
Disney
Kpop
Anime
Crossword
Harry Potter
NBA
The Office
Song
Pokémon
Soccer
Puzzle
Country
NFL
WWE
Your Account Isn't Verified!
In order to create a playlist on Sporcle, you need to verify the email address you used during registration. Go to your
Sporcle Settings
to finish the process.
Report this User
Report this user for behavior that violates our
Community Guidelines
.
Details:
Send Report
Go to the Sporcle.com Mobile Site →
Comments